000 00360nam a2200145 i 4500
001 bg
100 1 _aPOSPELAW, S. A.
245 0 _aLogiceskie metody analiza i sinteza schem /
_cS.A. Pospelaw.
250 _aIzd.3 pererab.i dopol.
260 _aMoskwa,
_c1974.
040 _cBPK
041 _apol
942 _cKS
008 s pl f |000 0 pol
999 _c27686
_d27686
856 _uhttp://koha.tu.koszalin.pl/cgi-bin/koha/opac-detail.pl?biblionumber=27686
_yKatalog online BPK